1651 1642 1459 1499 1622 1107 1064 1974 1509 1618 1358 1187 1087 1670 1688 1097 1552 1826 1841 1169 1002 1776 1418 1913 1513 1921 1209 1022 1685 1510 1808 1711 1346 1371 1861 1649 1819 1930 1173 1164 1373 1557 1193 1880 1272 1250 1997 1440 1498 1528 1353 1222 1601 1408 1994 1461 1658 1949 1598 1729 1218 1951 1940 1556 1203 1797 1261 1728 1169 1637 1709 1529 1116 1217 1306 1586 1925 1739 1928 1302 1379 1687 1116 1503 1551 1449 1239 1626 1456 1070 1790 1287 1193 1579 1320 1252 1981 1340 1354 BCNSPRNW ULIB Ver.6.0+V

เปลี่ยนเป็นภาษาไทย

Change to English
 แสดงรายละเอียดบรรณานุกรม
  กลับหน้าหลัก

Brief Record : Get Marc (ISO 2709) : E-mail record : QR code < ปิดหน้าต่าง
LEADER : 00000nam 2200000uu 4500
001    13399128183
003     ULIB
008    220802s2564||||th 000 0 tha d
020 ^- ^a9786163660848
050 ^- ^aนว^bด179ก
100 1^ ^aดวงตะวัน [นามแฝง]
245 ^- ^aแม่น้ำสายปรารถนา /^cดวงตะวัน
260 ^- ^aนนทบุรี :^bสำนักพิมพ์ดวงตะวัน,^c2564
300 ^- ^a509 หน้า ;^c18 ซม.
650 ^4 ^aนวนิยายไทย
945    ^p380^l0^i009275
999    ^aประนอม เกษจรัล
รายการนี้ยังไม่มีแท็ก
คุณยังไม่ได้ล็อกอิน คุณสามารถมีกิจกรรมร่วมกับเว็บไซต์ได้ แต่ต้องล็อกอินก่อน ::
  ล็อกอิน

รายการสื่อสารสนเทศ

ลำดับที่ ประเภท เลขเรียก/บาร์โค้ด สถานที่ สถานะ
1. นวนิยาย
นวนิยาย
นว ด179ก ฉ.1 
  Barcode: 009275
ห้องสมุดวิทยาเขตนครสวรรค์
►นวนิยาย:l:Fiction
บนชั้น

รายการใกล้เคียง
    ผู้แต่ง [ดวงตะวัน [นามแฝง]]

    หัวเรื่อง [นวนิยายไทย]

BibComment


ยังไม่เคยถูกคอมเมนท์

คอมเมนท์ทรัพยากรรายการนี้
  คอมเมนท์: แม่น้ำสายปรารถนา..


 Copyright 2026. Bcnsprnw @Library